Statistics for Answers contain "snow"

Click here to take the quiz!

General Stats

  • This quiz has been taken 91 times
  • The average score is 11 of 18

Answer Stats

#HintAnswer% Correct
7Frosty the...Snow Man
96%
2The problem keeps getting bigger and biggerSnow Ball
87%
8Tennis rackets for your feetSnow Shoes
87%
6School is cancelledSnow Day
86%
1Tasty snack on a hot daySnow Cone
82%
15Each one is differentSnowflake
82%
4Shake it and watchSnow Globe
81%
5Fall on your back and flap aroundSnow Angel
80%
16Measured in inches, sometimes feetSnowfall
72%
14Hoot hootSnowy Owl
70%
12Dirt bike for the winterSnowmobile
68%
13Shaun White rides oneSnowboard
58%
9Don't crowd the...Snow Plow
38%
17Alternative rock bandSnow Patrol
33%
18Created by #9, common place for stuck vehiclesSnow Bank
30%
10Rumored muder weapon in Home AloneSnow Shovel
28%
11Vehicle found in "The Shining"Snow Cat
9%
3Common occurence in Gary IN or Buffalo NYLake Effect Snow
8%

Score Distribution

Percentile by Number Answered

Percent of People with Each Score

Your Score History

You have not taken this quiz